000 00415nam a2200181Ia 4500
001 312
005 20260306140508.0
008 260306t1995||||xx |||||||||||||| ||spa||
041 _aESP
082 _a101
_bA78
100 _aArtigas, Mariano
_eAUT
245 0 _aIntroducción a la filosofía
260 _c1995
300 _a141 páginas :
_c21 cm.
650 _aGEN
654 _aCHU
942 _cLIB
_dJUS
_fJUS
_2ddc
_n
999 _c312
_d312